01233nam a2200229Ia 4500952009900000952009900099999001900198008004100217020001500258050001800273100003400291245011500325260004900440300003100489500008300520500003100603505022400634519004500858519004500903650004800948942000700996 00102lcc4070a04b04d2018-01-17l0oKGF4809 R64p04 000925r2018-01-17t1w2018-01-17yLB 00102lcc4070a04b04d2018-01-17l0oKGF4809 R64p04 002766r2018-01-17t2w2018-01-17yLB c102821d102821120625s2000 mx r 001 0 spa d a970676075X 4aKGF4809 bR641 aRohde Ponce, Andrese, autor 10aDerecho aduanero mexicano b : Regimenes, contribuciones y procedimientos aduaneros c / Andrés Rohde Ponce  aMéxicob : Ediciones Fiscales ISEFc, 2000 a447 páginas c ; 21 cm.  aContiene información publicada en el D.O.F. hasta el 31 de diciembre de 1999 aTercera reimpresión 20080 aLos regimenes aduaneros Las contribuciones a la actividad aduanera La tarifa y la nomenclatura arancelarias La valoración aduanera El despacho aduanero Las infracciones y delitos aduaneros Los medios de defensa  aMaterial Complementario / d(04 000925)  aMaterial Complementario / d(04 002766)  4aADUANAS vLEYES Y LEGISLACIÓN zMÉXICO  cLB